Estudio de Factibilidad del Proyecto, Construcción de un puente vehicular entre los barrios los encuentros y villa el Carmen, en el municipio de Jinotega
Estudio de demanda del proyecto para determinar el área de influencia, los beneficios y beneficiarios del proyecto. Elaborar estudio económico para determinar inversión y costos, así como evaluar económicamente el proyecto.
| Main Author: | |
|---|---|
| Other Authors: | |
| Format: | Tesis Section = Libro |
| Language: | Undetermined Spanish |
| Published: |
Managua
UNI
2017
|
| Subjects: |
| LEADER | 01118nam a2200253Ia 4500 | ||
|---|---|---|---|
| 008 | 240830s9999 xx 000 0 und d | ||
| 040 | |a BIBLIOTECA-RUPAP Mon 624.2 B642 | ||
| 041 | |a spa | ||
| 082 | |a Mon 624.2 B642 | ||
| 100 | 1 | |a Blandón Gadea, Julio César | |
| 245 | 1 | 0 | |a Estudio de Factibilidad del Proyecto, Construcción de un puente vehicular entre los barrios los encuentros y villa el Carmen, en el municipio de Jinotega |
| 260 | |a Managua |b UNI |c 2017 | ||
| 300 | |a 95p. :il. | ||
| 500 | |a Contiene: anexos y CD. | ||
| 502 | |a Tesis (Ingeniero Civil)- UNI, 2017. | ||
| 520 | 3 | |a Estudio de demanda del proyecto para determinar el área de influencia, los beneficios y beneficiarios del proyecto. Elaborar estudio económico para determinar inversión y costos, así como evaluar económicamente el proyecto. | |
| 650 | 7 | |a PAVIMENTO- DISEÑO Y CONSTRUCCIÓN | |
| 650 | 7 | |b ESTUDIOS DE FACTIBILIDAD - VILLA EL CARMEN - JINOTEGA | |
| 650 | 7 | |c ESTUDIOS DE MERCADO | |
| 650 | 7 | |d ESTUDIOS ECONOMICOS | |
| 700 | 1 | |a Tutor: |b Acevedo Ampie, Guillermo José | |
| 942 | |c BK |2 ddc | ||
| 991 | |a TESIS | ||
| 999 | |c 15916 | ||